[Event "SVK-ch U16"]
[Site "Liptovsky Mikulas"]
[Date "2019.04.29"]
[Round "8"]
[White "Kossuth, Tomas"]
[Black "Minarik, Jozef"]
[Result "1/2-1/2"]
[WhiteElo "1563"]
[BlackElo "1627"]
[PlyCount "46"]
[EventDate "2019.04.23"]
[EventType "swiss"]
[EventRounds "9"]
[EventCountry "SVK"]
[SourceTitle "CBM 190 Extra"]
[Source "ChessBase"]
[SourceDate "2019.07.15"]
[SourceVersion "1"]
[SourceVersionDate "2019.07.15"]
[SourceQuality "1"]

1. c4 e5 2. g3 Nc6 3. Bg2 Nf6 4. Nc3 d6 5. e3 Be7 6. Nge2 0-0 7. 0-0 Be6 8. b3 Qc8 9. d4 Bh3 10. dxe5 dxe5 11. Nd5 Bxg2 12. Kxg2 Re8 13. Nxe7+ Nxe7 14. Qc2 Qd7 15. Ba3 Ng6 16. Rad1 Qc6+ 17. Kg1 Qe6 18. Kg2 Qc6+ 19. Kg1 Qe6 20. Kg2 Qg4 21. Ng1 e4 22. Qe2 Nh4+ 23. Kh1 Nf3 1/2-1/2

[Event "SVK-ch U16"]
[Site "Liptovsky Mikulas"]
[Date "2019.04.23"]
[Round "1"]
[White "Minarik, Jozef"]
[Black "Gzib, David"]
[Result "1/2-1/2"]
[WhiteElo "1627"]
[BlackElo "2024"]
[PlyCount "119"]
[EventDate "2019.04.23"]
[EventType "swiss"]
[EventRounds "9"]
[EventCountry "SVK"]
[SourceTitle "CBM 190 Extra"]
[Source "ChessBase"]
[SourceDate "2019.07.15"]
[SourceVersion "1"]
[SourceVersionDate "2019.07.15"]
[SourceQuality "1"]

1. e4 c5 2. Nf3 Nc6 3. Bb5 Nd4 4. Nxd4 cxd4 5. c3 Qb6 6. Bc4 e6 7. 0-0 Ne7 8. Qe2 g6 9. cxd4 Qxd4 10. d3 Bg7 11. Nc3 a6 12. Be3 Qd6 13. a4 Nc6 14. Qd2 0-0 15. f4 Bd4 16. Ne2 Bxe3+ 17. Qxe3 Qe7 18. Qf2 d6 19. Ng3 Qf6 20. Rae1 Qd4 21. Rc1 Bd7 22. Rc3 Rfc8 23. Rfc1 Qxf2+ 24. Kxf2 Nd4 25. Ke3 e5 26. fxe5 dxe5 27. Ne2 Nxe2 28. Kxe2 Kg7 29. a5 Rc5 30. b4 Bg4+ 31. Ke3 Rc7 32. Bd5 Rxc3 33. Rxc3 Rb8 34. Rc7 b6 35. Rxf7+ Kh6 36. Bb7 bxa5 37. bxa5 Bc8 38. Bxc8 Rxc8 39. Rf6 Rc2 40. Kf3 Rd2 41. Rd6 Kg5 42. Kg3 Ra2 43. Rxa6 Ra3 44. Ra8 Rxd3+ 45. Kf2 Kf4 46. Rf8+ Kxe4 47. a6 Ra3 48. Ra8 h5 49. a7 Ra2+ 50. Kg3 g5 51. Kh3 Ra3+ 52. g3 Ra2 53. g4 h4 54. Rg8 Ra3+ 55. Kg2 h3+ 56. Kf2 Rxa7 57. Rxg5 Kf4 58. Rf5+ Kxg4 59. Rxe5 Ra2+ 60. Re2 1/2-1/2

[Event "SVK-chT4 A22 1819"]
[Site "Slovakia"]
[Date "2019.03.03"]
[Round "10.1"]
[White "Minarik, Jozef"]
[Black "Szabo, Julius1111"]
[Result "0-1"]
[WhiteElo "1652"]
[BlackElo "1632"]
[PlyCount "102"]
[EventDate "2018.10.14"]
[EventType "team-tourn"]
[EventRounds "11"]
[EventCountry "SVK"]
[SourceTitle "EXT 2020"]
[Source "ChessBase"]
[SourceDate "2019.10.17"]
[SourceVersion "1"]
[SourceVersionDate "2019.10.17"]
[SourceQuality "1"]

1. e4 e5 2. Nf3 Nc6 3. d4 exd4 4. Nxd4 Bc5 5. Be3 Qf6 6. c3 d6 7. Bc4 Qg6 8. 0-0 Nf6 9. f3 0-0 10. Kh1 Bb6 11. Na3 Bd7 12. Nxc6 bxc6 13. Bxb6 axb6 14. Qd2 b5 15. Bd3 Qh5 16. Nc2 Be6 17. a3 d5 18. Nd4 dxe4 19. Nxe6 fxe6 20. Bxe4 Nxe4 21. fxe4 Qg6 22. Qd4 Rfd8 23. Qe3 Rd6 24. Rad1 Rad8 25. Rxd6 cxd6 26. Qb6 Qe8 27. Qc7 d5 28. Rd1 Rc8 29. Qe5 Qg6 30. Re1 Rf8 31. Kg1 Qh6 32. exd5 exd5 33. Qe6+ Qxe6 34. Rxe6 Rc8 35. Re7 Kf8 36. Rd7 Re8 37. Kf2 Re7 38. Rxe7 Kxe7 39. Ke3 c5 40. Kf4 Kf6 41. b3 g5+ 42. Kg4 Kg6 43. a4 c4 44. b4 bxa4 45. b5 a3 46. b6 a2 47. b7 a1Q 48. b8Q h5+ 49. Kf3 Qxc3+ 50. Kf2 Qd2+ 51. Kf1 Qf4+ 0-1

[Event "SVK-chT3A2 1819"]
[Site "Slovakia"]
[Date "2019.02.10"]
[Round "8.2"]
[White "Hornak, Pavol"]
[Black "Minarik, Jozef"]
[Result "1/2-1/2"]
[WhiteElo "1729"]
[BlackElo "1475"]
[PlyCount "76"]
[EventDate "2018.10.07"]
[EventType "team-tourn"]
[EventRounds "11"]
[EventCountry "SVK"]
[SourceTitle "EXT 2020"]
[Source "ChessBase"]
[SourceDate "2019.10.17"]
[SourceVersion "1"]
[SourceVersionDate "2019.10.17"]
[SourceQuality "1"]
[WhiteTeam "Cifer"]
[BlackTeam "Dunajska Streda II"]
[WhiteTeamCountry "SVK"]
[BlackTeamCountry "SVK"]

1. d4 Nf6 2. c4 e6 3. g3 d5 4. Bg2 c6 5. Nf3 Bd6 6. Nbd2 0-0 7. 0-0 Nbd7 8. Qc2 e5 9. cxd5 Nxd5 10. Ne4 Bc7 11. Neg5 N5f6 12. dxe5 Bxe5 13. Nxe5 Nxe5 14. Bf4 Ng6 15. Rfd1 Qa5 16. Bd2 Qe5 17. Ne4 Nxe4 18. Bxe4 Re8 19. Bf3 Bf5 20. Qc3 Qe7 21. e3 Be4 22. Bxe4 Qxe4 23. Qb4 Qxb4 24. Bxb4 Rad8 25. Bc3 Ne7 26. e4 f6 27. f3 Kf7 28. Kf2 Ke6 29. Ke2 Ng6 30. h3 h5 31. Rac1 h4 32. f4 Kf7 33. Rxd8 Rxd8 34. f5 Ne5 35. Bxe5 fxe5 36. g4 Kf6 37. Ke3 Rd4 38. Rc5 Rd8 1/2-1/2

[Event "SVK-chT3A2 1718"]
[Site "Slovakia"]
[Date "2017.12.17"]
[Round "6.4"]
[White "Minarik, Jozef"]
[Black "Hornak, Pavol"]
[Result "0-1"]
[WhiteElo "1329"]
[BlackElo "1781"]
[PlyCount "70"]
[EventDate "2017.10.08"]
[EventType "team-tourn"]
[EventRounds "11"]
[EventCountry "SVK"]
[SourceTitle "EXT 2020"]
[Source "ChessBase"]
[SourceDate "2019.10.17"]
[SourceVersion "1"]
[SourceVersionDate "2019.10.17"]
[SourceQuality "1"]
[WhiteTeam "Dunajska Streda II"]
[BlackTeam "Cifer"]
[WhiteTeamCountry "SVK"]
[BlackTeamCountry "SVK"]

1. e4 c5 2. Nc3 a6 3. g3 Nc6 4. Bg2 e5 5. d3 Nf6 6. Nge2 b5 7. Nd5 h6 8. Nxf6+ Qxf6 9. 0-0 d6 10. f4 Qd8 11. Be3 Bg4 12. c3 Be7 13. Qd2 0-0 14. h3 Bxe2 15. Qxe2 Rc8 16. Rad1 Qc7 17. h4 b4 18. d4 exd4 19. cxd4 cxd4 20. Bxd4 Nxd4 21. Rxd4 Qb6 22. Qf2 d5 23. Rxd5 Bc5 24. Rxc5 Qxc5 25. e5 Qxf2+ 26. Rxf2 Rc1+ 27. Kh2 Rfc8 28. Be4 Kf8 29. Kh3 Ke7 30. Rd2 Rd8 31. Re2 a5 32. a3 bxa3 33. bxa3 Rc3 34. a4 Rc4 35. Bc2 Rdd4 0-1

[Event "SVK-chT3A2 1617"]
[Site "Slovakia"]
[Date "2017.02.05"]
[Round "8.4"]
[White "Manak, Adrian"]
[Black "Minarik, Jozef"]
[Result "1-0"]
[WhiteElo "1934"]
[BlackElo "1272"]
[PlyCount "61"]
[EventDate "2016.10.16"]
[EventType "team-tourn"]
[EventRounds "11"]
[EventCountry "SVK"]
[SourceTitle "EXT 2020"]
[Source "ChessBase"]
[SourceDate "2019.10.17"]
[SourceVersion "1"]
[SourceVersionDate "2019.10.17"]
[SourceQuality "1"]
[WhiteTeam "Piestany Kupele"]
[BlackTeam "Dunajska Streda II"]
[WhiteTeamCountry "SVK"]
[BlackTeamCountry "SVK"]

1. e4 g6 2. d4 Bg7 3. Nc3 e6 4. f4 Ne7 5. Be3 0-0 6. Qd2 d6 7. 0-0-0 Nd7 8. h4 d5 9. e5 a6 10. Bd3 b6 11. f5 exf5 12. Bh6 Re8 13. Bxg7 Kxg7 14. h5 Nf8 15. hxg6 fxg6 16. Qh6+ Kg8 17. Nf3 Nc6 18. g4 Nb4 19. Ng5 Nxd3+ 20. Rxd3 Re7 21. Rf3 c5 22. Rd1 fxg4 23. Rf4 c4 24. Nxd5 Rg7 25. Rdf1 Bf5 26. Ne3 Rc8 27. d5 Qe7 28. Nxf5 gxf5 29. Rxf5 Rg6 30. Rxf8+ Rxf8 31. Rxf8+ 1-0

[Event "SVK-ch U12"]
[Site "Liptovsky Mikulas"]
[Date "2016.04.19"]
[Round "5"]
[White "Minarik, Jozef"]
[Black "Kotora, Marko"]
[Result "1-0"]
[WhiteElo "1000"]
[BlackElo "1304"]
[PlyCount "65"]
[EventDate "2016.04.16"]
[EventType "swiss"]
[EventRounds "9"]
[EventCountry "SVK"]
[SourceTitle "CBM 172 Extra"]
[Source "ChessBase"]
[SourceDate "2016.06.21"]
[SourceVersion "1"]
[SourceVersionDate "2016.06.21"]
[SourceQuality "1"]

1. e4 e5 2. Nf3 Nc6 3. Bb5 a6 4. Ba4 Nf6 5. d3 Be7 6. Nbd2 b5 7. Bb3 0-0 8. Nf1 d5 9. exd5 Nxd5 10. Ng3 Nf4 11. 0-0 g6 12. Nxe5 Nxe5 13. Bxf4 Bf6 14. Re1 Re8 15. Ne4 Bg7 16. Bg5 Bg4 17. f3 Qd4+ 18. Be3 Bxf3 19. gxf3 Qxb2 20. f4 Nc6 21. Qf3 Qa3 22. Ng5 Nd4 23. Qd5 Ne6 24. f5 Rad8 25. Qf3 Nxg5 26. Bxg5 Rxe1+ 27. Rxe1 Qc5+ 28. Kh1 Rd7 29. Re8+ Bf8 30. Be6 fxe6 31. fxe6 Rd5 32. Qf7+ Kh8 33. Bf6# 1-0

[Event "SVK-ch U12"]
[Site "Liptovsky Mikulas"]
[Date "2016.04.18"]
[Round "4"]
[White "Beres, Tomas"]
[Black "Minarik, Jozef"]
[Result "1-0"]
[WhiteElo "1000"]
[BlackElo "1000"]
[PlyCount "39"]
[EventDate "2016.04.16"]
[EventType "swiss"]
[EventRounds "9"]
[EventCountry "SVK"]
[SourceTitle "CBM 172 Extra"]
[Source "ChessBase"]
[SourceDate "2016.06.21"]
[SourceVersion "1"]
[SourceVersionDate "2016.06.21"]
[SourceQuality "1"]

1. e4 e5 2. Nf3 d6 3. Bb5+ Bd7 4. Bxd7+ Nxd7 5. 0-0 Ngf6 6. Nc3 Nc5 7. d3 h6 8. Be3 Ne6 9. h3 c6 10. d4 exd4 11. Nxd4 Qd7 12. Nxe6 Qxe6 13. Re1 Nxe4 14. Nxe4 Qxe4 15. Bxa7 d5 16. Rxe4+ dxe4 17. Bb6 c5 18. Rb1 Bd6 19. Qxd6 Rc8 20. Bxc5 1-0

[Event "SVK-ch U12"]
[Site "Liptovsky Mikulas"]
[Date "2016.04.18"]
[Round "3"]
[White "Mezes, Kristof"]
[Black "Minarik, Jozef"]
[Result "1-0"]
[WhiteElo "1493"]
[BlackElo "1000"]
[PlyCount "67"]
[EventDate "2016.04.16"]
[EventType "swiss"]
[EventRounds "9"]
[EventCountry "SVK"]
[SourceTitle "CBM 172 Extra"]
[Source "ChessBase"]
[SourceDate "2016.06.21"]
[SourceVersion "1"]
[SourceVersionDate "2016.06.21"]
[SourceQuality "1"]

1. d4 d5 2. c4 dxc4 3. e4 Nf6 4. Nc3 Nc6 5. Nf3 Bg4 6. Be3 e6 7. Bxc4 Bd6 8. 0-0 e5 9. d5 Bxf3 10. Qxf3 Nd4 11. Bxd4 exd4 12. Ne2 d3 13. Bxd3 Be5 14. Nc3 Qd6 15. Bb5+ Nd7 16. Bxd7+ Kxd7 17. Qxf7+ Qe7 18. Qxe7+ Kxe7 19. f4 Rhf8 20. fxe5 Rxf1+ 21. Rxf1 c6 22. e6 cxd5 23. exd5 Kd6 24. Rf7 Kc5 25. Rxg7 Rf8 26. Rxh7 b5 27. a3 a5 28. Rd7 b4 29. axb4+ axb4 30. Na4+ Kc4 31. d6 Kb3 32. Nc5+ Kxb2 33. e7 Re8 34. Rd8 1-0